Представление документа в формате MARC21

ПолеНазваниеЗначение
  Тип записи a
  Библиографический уровень m
001 Контрольный номер BIBLIOCLUB\0000730583
005 Дата корректировки 20260430154910.5
006 m o d
007 Элементы данных для физической характеристики c|||||||||||||
008 Кодируемые данные s2024 rus o rus d
020 Индекс ISBN __
a ISBN 978-5-9228-2868-0
041 Код языка издания 0_
a Код языка текста rus
084 Индекс другой классификации/Индекс ББК __
a Индекс другой классификации/Индекс ББК 32.972.131я73
b Номер единицы LBC/PL
2 Источник индекса rubbk
084 Индекс другой классификации/Индекс ББК __
a Индекс другой классификации/Индекс ББК 65.051с51я73
b Номер единицы LBC/PL
2 Источник индекса rubbk
100 Автор 1_
a Автор Артюшкин В. Ф.
245 Заглавие 10
a Заглавие Анализ социально-экономической статистики в среде Excel
b Продолж. заглавия учебное пособие
c Ответственность В. Ф. Артюшкин
c Ответственность Московский государственный институт международных отношений (университет) МИД России
c Ответственность Кафедра математики, эконометрики и информационных технологий
260 Выходные данные __
a Место издания Москва
b Издательство МГИМО-Университет
c Дата издания 2024
300 Физическое описание __
a Объем 87 с.
b Иллюстрации/ тип воспроизводства ил., табл., схем., граф.
504 Библиография __
a Библиография Библиогр. в кн
653 Ключевые слова 1_
a Ключевые слова Учебник для высшей школы
856 Электронный адрес документа 40
3 Область применения данных поля Университетская библиотека ONLINE
u URL https://biblioclub.ru/index.php?page=book&id=730583
900 Электронные ресурсы __
a Имя электронного ресурса https://img.biblioclub.ru/sm_cover/e2eeafd44fc1481d2d46e8a1f8e6c6fdj2jbsakcun/cover.jpg